|
|
|
|
| LEADER |
01679nam a2200373Ii 4500 |
| 001 |
32846 |
| 003 |
BD-DhAAL |
| 005 |
20211108130218.0 |
| 008 |
180319t20172017caua b 001 0 eng d |
| 999 |
|
|
|c 39128
|d 39128
|
| 020 |
|
|
|a 9780999685907
|
| 035 |
|
|
|a (OCoLC)982494505
|
| 035 |
|
|
|a 9904597
|
| 040 |
|
|
|a GZM
|b eng
|e rda
|c GZM
|d NIC
|
| 050 |
|
4 |
|a QA76.6
|b .A463 2017
|
| 082 |
|
|
|a 001.642
|2 19
|
| 100 |
1 |
|
|a Althoff, Cory
|9 25158
|
| 245 |
1 |
4 |
|a The self-taught programmer :
|b the definitive guide to programming professionally /
|c Cory Althoff.
|
| 250 |
|
|
|a First edition.
|
| 260 |
|
|
|a San Francisco, California :
|b Triangle Connection LLC,
|c c2017
|
| 300 |
|
|
|a xii, 283 pages :
|b illustrations ;
|c 24 cm.
|
| 500 |
|
|
|a "The definitive guide to programming professionally."--Page 1 of cover.
|
| 504 |
|
|
|a Includes bibliographical references and index.
|
| 526 |
|
|
|a AAL
|
| 541 |
|
|
|a Karim International
|e 32846, 32847
|
| 650 |
|
0 |
|a Computer programming
|9 25159
|
| 650 |
|
0 |
|a Computer programming
|x Vocational guidance.
|9 25160
|
| 650 |
|
7 |
|a Computer programming.
|2 fast
|9 25159
|
| 650 |
|
7 |
|a Computer programming
|x Vocational guidance.
|2 fast
|9 25160
|
| 650 |
|
7 |
|a Computer science
|9 42428
|
| 852 |
|
|
|a Ayesha Abed Library
|c General Stacks
|
| 942 |
|
|
|2 ddc
|c BK
|
| 952 |
|
|
|0 0
|1 0
|2 ddc
|4 0
|6 001_642000000000000_ALT
|7 0
|9 62935
|a BRACUL
|b BRACUL
|c GEN
|d 2018-03-18
|e Karim International
|g 1236.00
|l 14
|m 117
|o 001.642 ALT
|p 3010032846
|r 2024-10-27
|s 2024-02-19
|t 1
|v 1236.00
|w 2018-03-18
|y BK
|
| 952 |
|
|
|0 0
|1 0
|2 ddc
|4 0
|6 001_642000000000000_ALT
|7 0
|9 62936
|a BRACUL
|b BRACUL
|c GEN
|d 2018-03-18
|e Karim International
|g 1236.00
|l 14
|m 104
|o 001.642 ALT
|p 3010032847
|r 2026-05-18
|s 2026-04-19
|t 2
|v 1236.00
|w 2018-03-18
|y BK
|